[Event "Korbach 1st op A 2007"]
[Site "Korbach"]
[Date "2007.10.13"]
[Round "5.19"]
[White "Becker, Jonas"]
[Black "Hagenauer, Joerg"]
[Result "1-0"]
[WhiteElo "1924"]
[BlackElo "1975"]
[PlyCount "59"]
[EventDate "2007.10.11"]
[EventType "swiss"]
[EventRounds "7"]
[EventCountry "GER"]
[SourceTitle "EXT 2009"]
[Source "ChessBase"]
[SourceDate "2008.11.26"]
[SourceVersion "1"]
[SourceVersionDate "2008.11.26"]
[SourceQuality "1"]

1. d4 Nf6 2. c4 e6 3. Nc3 d5 4. e3 c5 5. Nf3 cxd4 6. exd4 Be7 7. c5 0-0 8. Bd3 a6 9. Bf4 Nbd7 10. 0-0 Re8 11. h3 Nf8 12. b4 Nh5 13. Bh2 f5 14. b5 f4 15. bxa6 bxa6 16. Ne5 g6 17. Be2 Ng7 18. Bxf4 Bf6 19. Rb1 Nf5 20. Nf3 Ne7 21. Rb6 Qd7 22. Be5 Bxe5 23. Nxe5 Qc7 24. Qa4 Rd8 25. Nb5 Bd7 26. Nxc7 Bxa4 27. Nxa8 Rxa8 28. Rxa6 Rxa6 29. Bxa6 Nf5 30. c6 1-0

[Event "Dresden ZMD op"]
[Site "Dresden"]
[Date "2005.07.24"]
[Round "2"]
[White "Holzhaeuer, Mathias"]
[Black "Hagenauer, Joerg"]
[Result "1-0"]
[WhiteElo "2346"]
[BlackElo "1986"]
[PlyCount "63"]
[EventDate "2005.07.23"]
[EventType "swiss"]
[EventRounds "9"]
[EventCountry "GER"]
[SourceTitle "EXT 2006"]
[Source "ChessBase"]
[SourceDate "2005.11.24"]
[SourceVersion "1"]
[SourceVersionDate "2005.11.24"]
[SourceQuality "1"]

1. e4 c5 2. Nf3 d6 3. d4 cxd4 4. Qxd4 a6 5. Be3 Nc6 6. Qb6 Nf6 7. Qxd8+ Nxd8 8. Nc3 Bd7 9. e5 Ng4 10. Nd5 Rc8 11. Bb6 Ne6 12. exd6 exd6 13. 0-0-0 Rc6 14. Re1 f6 15. Nd4 Kf7 16. Nxc6 Bxc6 17. Nb4 Bd7 18. Bc4 Ne5 19. Bd5 Bc8 20. f4 Kg6 21. fxe5 dxe5 22. Nd3 Bd6 23. g4 h6 24. h4 Kf7 25. Rhf1 Ke7 26. c4 Bd7 27. b3 Rc8 28. Kb2 Bc6 29. Bxc6 Rxc6 30. Be3 Rc8 31. Bd2 Kf7 32. Nxe5+ 1-0

[Event "Bad Zwesten op 9th"]
[Site "Bad Zwesten"]
[Date "2005.01.08"]
[Round "9"]
[White "Hagenauer, Joerg"]
[Black "Hoedtke, Joern"]
[Result "0-1"]
[WhiteElo "1991"]
[BlackElo "1679"]
[PlyCount "96"]
[EventDate "2005.01.02"]
[EventType "swiss"]
[EventRounds "9"]
[EventCountry "GER"]
[SourceTitle "CBM 104 Extra"]
[Source "ChessBase"]
[SourceDate "2005.03.01"]
[SourceVersion "1"]
[SourceVersionDate "2005.03.01"]
[SourceQuality "1"]

1. e4 e5 2. Nf3 Nc6 3. Bc4 Bc5 4. d3 d6 5. Nc3 Nf6 6. h3 h6 7. Be3 Bxe3 8. fxe3 Na5 9. Bb3 Nxb3 10. axb3 Nh7 11. 0-0 0-0 12. b4 Ng5 13. Qe2 Nxf3+ 14. Rxf3 Be6 15. d4 f6 16. Qd3 Kh8 17. d5 Bg8 18. Ne2 Qd7 19. c4 a6 20. c5 Bh7 21. Nc3 Qc8 22. Qc4 f5 23. exf5 Rxf5 24. Raf1 Qd7 25. Qg4 h5 26. Qc4 Raf8 27. Rxf5 Rxf5 28. Rxf5 Bxf5 29. Qh4 Bg6 30. Qc4 Be8 31. Ne4 Kg8 32. Nc3 Kf8 33. Qh4 Qe7 34. Qc4 Qd7 35. Kh2 g6 36. Kg3 Kg7 37. Qh4 Bf7 38. cxd6 cxd6 39. Qc4 Be8 40. Qh4 Bf7 41. Kh2 b5 42. Ne4 Kf8 43. Qf6 Qe7 44. Qxd6 Qxd6 45. Nxd6 Bxd5 46. Kg3 Ke7 47. Nc8+ Kd8 48. Nb6 Bc6 0-1

[Event "Bad Zwesten op 9th"]
[Site "Bad Zwesten"]
[Date "2005.01.03"]
[Round "3"]
[White "Hagenauer, Joerg"]
[Black "Aslan, Benjamin"]
[Result "1-0"]
[WhiteElo "1991"]
[BlackElo "1412"]
[PlyCount "87"]
[EventDate "2005.01.02"]
[EventType "swiss"]
[EventRounds "9"]
[EventCountry "GER"]
[SourceTitle "CBM 104 Extra"]
[Source "ChessBase"]
[SourceDate "2005.03.01"]
[SourceVersion "1"]
[SourceVersionDate "2005.03.01"]
[SourceQuality "1"]

1. c4 Nf6 2. d4 d6 3. g3 g6 4. Nc3 Bg7 5. Bg2 0-0 6. Nf3 Nbd7 7. 0-0 e5 8. dxe5 Nxe5 9. Nxe5 dxe5 10. Bg5 c6 11. Qxd8 Rxd8 12. Ne4 Nxe4 13. Bxd8 Nd2 14. Rfc1 Be6 15. Ba5 Nxc4 16. Bc3 Bd5 17. Rd1 Bxg2 18. Kxg2 b5 19. b3 Nb6 20. e4 f5 21. f3 c5 22. Ba5 c4 23. Bxb6 axb6 24. bxc4 bxc4 25. a4 Bf8 26. Rdc1 Rc8 27. Rab1 Rc6 28. Rb5 Bd6 29. Rc2 Kf7 30. a5 bxa5 31. Rxa5 Ke6 32. Kf1 Kd7 33. Ke2 Rb6 34. Ra4 c3 35. Kd3 f4 36. g4 Rc6 37. Rxc3 Rxc3+ 38. Kxc3 h5 39. h3 h4 40. Kc4 Ke6 41. Ra6 g5 42. Rb6 Kd7 43. Kd5 Bc7 44. Rg6 1-0

[Event "Dresden ZMD op"]
[Site "Dresden"]
[Date "2004.07.23"]
[Round "9"]
[White "Hagenauer, Joerg"]
[Black "Rothe, Guido"]
[Result "0-1"]
[WhiteElo "1992"]
[BlackElo "2246"]
[PlyCount "94"]
[EventDate "2004.07.15"]
[EventType "tourn"]
[EventRounds "9"]
[EventCountry "GER"]
[SourceTitle "EXT 2006"]
[Source "ChessBase"]
[SourceDate "2005.11.24"]
[SourceVersion "1"]
[SourceVersionDate "2005.11.24"]
[SourceQuality "1"]

1. e4 d6 2. d4 g6 3. g3 Bg7 4. Bg2 Nf6 5. Nc3 0-0 6. Nf3 c6 7. 0-0 Nbd7 8. h3 e5 9. dxe5 dxe5 10. Be3 Qe7 11. Nd2 b6 12. a3 Nc5 13. Ne2 Rd8 14. Qc1 Ba6 15. Re1 Ne6 16. b3 c5 17. Nc3 Nd4 18. Qb2 Bb7 19. Bg5 Qd7 20. Nc4 Re8 21. Rad1 h6 22. Bc1 Rad8 23. Ne3 Qc8 24. Qb1 Qa8 25. Ned5 Nxd5 26. exd5 f5 27. Ne2 Bxd5 28. Bxd5+ Qxd5 29. Nxd4 exd4 30. Bb2 Re4 31. c4 Qe6 32. Rxe4 fxe4 33. Bc1 Rf8 34. Re1 Qf5 35. Re2 Qf3 36. Qxe4 Qxb3 37. Kg2 Qxc4 38. Bf4 Qf7 39. h4 c4 40. Bd6 Rd8 41. Bf4 d3 42. Re1 Qd5 43. Kf3 d2 44. Bxd2 Qxe4+ 45. Rxe4 Rxd2 46. a4 Bd4 47. Kg4 c3 0-1

[Event "Canarias en Red prel 4th"]
[Site "Playchess.com INT"]
[Date "2004.05.06"]
[Round "8"]
[White "Hagenauer, Joerg"]
[Black "Solaroli, Riccardo"]
[Result "1-0"]
[WhiteElo "1997"]
[BlackElo "2006"]
[PlyCount "29"]
[EventDate "2004.05.06"]
[EventType "swiss (blitz)"]
[EventRounds "13"]
[EventCountry "GER"]
[SourceTitle "EXT 2005"]
[Source "ChessBase"]
[SourceDate "2004.11.15"]
[SourceVersion "1"]
[SourceVersionDate "2004.11.15"]
[SourceQuality "1"]

1. e4 d5 2. exd5 Nf6 3. Nf3 Nxd5 4. d4 g6 5. c4 Nb6 6. Nc3 Bg7 7. Be2 0-0 8. 0-0 Nc6 9. Be3 e5 10. d5 Ne7 11. Bc5 f5 12. Rc1 c6 13. d6 e4 14. dxe7 Qxe7 15. Bxe7 1-0

[Event "Canarias en Red prel 4th"]
[Site "Playchess.com INT"]
[Date "2004.05.06"]
[Round "1"]
[White "Schwaninger, Wolfgang"]
[Black "Hagenauer, Joerg"]
[Result "1-0"]
[WhiteElo "2226"]
[BlackElo "1997"]
[PlyCount "99"]
[EventDate "2004.05.06"]
[EventType "swiss (blitz)"]
[EventRounds "13"]
[EventCountry "GER"]
[SourceTitle "EXT 2005"]
[Source "ChessBase"]
[SourceDate "2004.11.15"]
[SourceVersion "1"]
[SourceVersionDate "2004.11.15"]
[SourceQuality "1"]

1. d4 d5 2. Nf3 Nf6 3. Bf4 e6 4. e3 Be7 5. Bd3 0-0 6. 0-0 Nbd7 7. h3 c6 8. Nbd2 Re8 9. c4 Nf8 10. a3 N6d7 11. b4 b6 12. Qc2 Bb7 13. a4 Bxb4 14. Ne5 Nxe5 15. Bxe5 Bd6 16. Nf3 Be7 17. Rfb1 Rc8 18. c5 Ba8 19. cxb6 axb6 20. Qb2 c5 21. Ba6 c4 22. Bxc8 Qxc8 23. Qxb6 f6 24. Bg3 Ng6 25. a5 Bf8 26. a6 h6 27. h4 h5 28. Ra2 Ne7 29. Rab2 Nf5 30. Bh2 Nd6 31. Qb8 Qxb8 32. Rxb8 Bc6 33. Rxe8 Nxe8 34. a7 Kf7 35. Rb8 Be7 36. a8Q Bxa8 37. Rxa8 g6 38. Ra7 Kf8 39. Ne1 Ng7 40. Rc7 Nf5 41. Bg3 Ke8 42. Nf3 Kd8 43. Rb7 Ng7 44. Bf4 Nf5 45. g3 Kc8 46. Rc7+ Kd8 47. Ra7 Ng7 48. Bc7+ Kc8 49. Ba5 Bd6 50. Rxg7 1-0

[Event "Bad Zwesten op 8th"]
[Site "Bad Zwesten"]
[Date "2004.01.07"]
[Round "8"]
[White "Hagenauer, Joerg"]
[Black "Rashidian, Sagross"]
[Result "1-0"]
[WhiteElo "1997"]
[BlackElo "1658"]
[PlyCount "45"]
[EventDate "2004.01.??"]
[EventType "swiss"]
[EventRounds "9"]
[EventCountry "GER"]
[SourceTitle "CBM 098 Extra"]
[Source "ChessBase"]
[SourceDate "2004.03.10"]
[SourceVersion "2"]
[SourceVersionDate "2004.03.10"]
[SourceQuality "1"]

1. e4 c5 2. Nf3 d6 3. d4 cxd4 4. Nxd4 Nf6 5. Nc3 g6 6. Be2 Bg7 7. Be3 0-0 8. 0-0 Nc6 9. Nb3 Be6 10. f4 Qd7 11. h3 h5 12. Nd4 Kh7 13. Qd2 Rh8 14. Bf3 Bc4 15. Rfe1 d5 16. e5 Ne8 17. b3 Ba6 18. Nxd5 Rd8 19. Rad1 Nxe5 20. fxe5 Bxe5 21. Nb4 Qc7 22. Nxa6 bxa6 23. Qe2 1-0

[Event "Bad Zwesten op 8th"]
[Site "Bad Zwesten"]
[Date "2004.01.07"]
[Round "9"]
[White "Huettemann, Ralf"]
[Black "Hagenauer, Joerg"]
[Result "1-0"]
[WhiteElo "1934"]
[BlackElo "1997"]
[PlyCount "51"]
[EventDate "2004.01.??"]
[EventType "swiss"]
[EventRounds "9"]
[EventCountry "GER"]
[SourceTitle "CBM 098 Extra"]
[Source "ChessBase"]
[SourceDate "2004.03.10"]
[SourceVersion "2"]
[SourceVersionDate "2004.03.10"]
[SourceQuality "1"]

1. e4 c5 2. b4 e5 3. Bc4 Nf6 4. d3 Qc7 5. b5 Be7 6. Nc3 b6 7. Qe2 Bb7 8. f4 d6 9. Nf3 Nbd7 10. 0-0 0-0 11. fxe5 Nxe5 12. Nxe5 dxe5 13. Bg5 Qd6 14. Nd1 a6 15. Ne3 Qd7 16. Rab1 a5 17. Rf5 Qd6 18. Rbf1 Rad8 19. Rxf6 Bxf6 20. Bxf6 Qxf6 21. Rxf6 gxf6 22. Nf5 Kh8 23. Qh5 Bc8 24. Qh6 Bxf5 25. Qxf6+ Kg8 26. exf5 1-0

[Event "Bad Zwesten op 8th"]
[Site "Bad Zwesten"]
[Date "2004.01.03"]
[Round "3"]
[White "Simon, Goetz Jochen"]
[Black "Hagenauer, Joerg"]
[Result "0-1"]
[WhiteElo "1610"]
[BlackElo "1997"]
[PlyCount "109"]
[EventDate "2004.01.??"]
[EventType "swiss"]
[EventRounds "9"]
[EventCountry "GER"]
[SourceTitle "CBM 098 Extra"]
[Source "ChessBase"]
[SourceDate "2004.03.10"]
[SourceVersion "2"]
[SourceVersionDate "2004.03.10"]
[SourceQuality "1"]

1. e4 c5 2. Nf3 a6 3. d4 cxd4 4. Nxd4 Nf6 5. Nc3 e5 6. Nf3 d6 7. Bg5 Be6 8. Be2 Nbd7 9. 0-0 Qc7 10. h3 Be7 11. Be3 h6 12. a4 0-0 13. Qd2 Nc5 14. Bd3 Qc6 15. Rfe1 Nfxe4 16. Nxe4 Nxe4 17. Bxe4 Qxe4 18. Bxh6 Qg6 19. Bg5 f6 20. Bh4 Rac8 21. c3 Rc7 22. Kh2 Rfc8 23. g3 Qf5 24. Ng1 Qh7 25. f4 Rc4 26. Nf3 Qf5 27. Ng1 R8c7 28. Rf1 e4 29. g4 Qh7 30. Kg3 d5 31. Ne2 g5 32. fxg5 Bd6+ 33. Nf4 f5 34. g6 Qxg6 35. Kg2 Bxf4 36. Qxf4 Rf7 37. Qg5 Qxg5 38. Bxg5 fxg4 39. Rxf7 Kxf7 40. Rf1+ Kg6 41. h4 Bf5 42. a5 d4 43. cxd4 Rxd4 44. Bf4 Rd3 45. Re1 Bd7 46. Be3 Rd5 47. Ra1 Kh5 48. Kg3 Rf5 49. Kg2 Rf3 50. Bf2 e3 51. Be1 Bc6 52. Kg1 Rh3 53. Kf1 Bf3 54. Bf2 exf2 55. Kxf2 0-1

[Event "Bad Zwesten op 7th"]
[Site "Bad Zwesten"]
[Date "2003.??.??"]
[Round "6"]
[White "Hagenauer, Joerg"]
[Black "Radick, Katrin"]
[Result "1-0"]
[WhiteElo "2006"]
[BlackElo "1572"]
[PlyCount "47"]
[EventDate "2003.01.02"]
[EventType "swiss"]
[EventRounds "9"]
[EventCountry "GER"]
[SourceTitle "CBM 092 Extra"]
[Source "ChessBase"]
[SourceDate "2003.03.07"]
[SourceVersion "1"]
[SourceVersionDate "2003.03.07"]
[SourceQuality "1"]

1. Nf3 Nf6 2. d4 d5 3. Bf4 Bg4 4. Ne5 Bh5 5. f3 e6 6. g4 Bg6 7. h4 h5 8. g5 Nfd7 9. Nxg6 fxg6 10. Bh3 Nc6 11. Bxe6 Nb6 12. Qd3 Qe7 13. Qxg6+ Kd8 14. c3 Nxd4 15. cxd4 Qb4+ 16. Nd2 Qxd4 17. e3 Qxb2 18. Rb1 Qa3 19. 0-0 Qe7 20. Qf5 c6 21. Rfc1 Nc8 22. g6 Nd6 23. Qe5 Ne8 24. Rxc6 1-0

[Event "Dresden ZMD op"]
[Site "Dresden"]
[Date "2002.??.??"]
[Round "8"]
[White "Hagenauer, Joerg"]
[Black "Just, Fred"]
[Result "1/2-1/2"]
[WhiteElo "2005"]
[BlackElo "2200"]
[PlyCount "104"]
[EventDate "2002.07.18"]
[EventType "swiss"]
[EventRounds "9"]
[EventCountry "GER"]
[SourceTitle "EXT 2003"]
[Source "ChessBase"]
[SourceDate "2002.11.25"]
[SourceVersion "1"]
[SourceVersionDate "2002.11.25"]
[SourceQuality "1"]

1. e4 c6 2. d4 d5 3. e5 Bf5 4. Nc3 e6 5. g4 Bg6 6. h4 h5 7. g5 Ne7 8. Nf3 a6 9. Be3 Nd7 10. Ne2 Bf5 11. Nd2 c5 12. c3 Rc8 13. Rc1 cxd4 14. cxd4 Rxc1 15. Nxc1 Qb6 16. Qb3 Nc6 17. Qxb6 Nxb6 18. Bd3 Bxd3 19. Nxd3 Nb4 20. Nxb4 Bxb4 21. Ke2 g6 22. Rc1 Kd7 23. b3 Rc8 24. Rxc8 Nxc8 25. Nb1 Ne7 26. f3 Nf5 27. Bf2 Kc6 28. Kd3 Ne7 29. f4 Kd7 30. Kc2 Nc6 31. a3 Be7 32. Be3 Na7 33. Bc1 Bd8 34. Bd2 Bb6 35. Kd3 Nc6 36. Be3 Ba5 37. Bf2 Kc8 38. Ke2 b5 39. Kd3 Kb7 40. Kc2 Bb6 41. Kd3 a5 42. Nd2 Bd8 43. Nb1 Ka6 44. Kc2 Be7 45. Kd3 a4 46. b4 Bxb4 47. axb4 Nxb4+ 48. Kc3 Nc6 49. Kb2 b4 50. Nd2 Kb5 51. Kc2 Na5 52. Be1 Nc6 1/2-1/2

[Event "Dresden ZMD op"]
[Site "Dresden"]
[Date "2002.??.??"]
[Round "9"]
[White "Wronn, Bernd"]
[Black "Hagenauer, Joerg"]
[Result "1-0"]
[WhiteElo "2235"]
[BlackElo "2005"]
[PlyCount "51"]
[EventDate "2002.07.18"]
[EventType "swiss"]
[EventRounds "9"]
[EventCountry "GER"]
[SourceTitle "EXT 2003"]
[Source "ChessBase"]
[SourceDate "2002.11.25"]
[SourceVersion "1"]
[SourceVersionDate "2002.11.25"]
[SourceQuality "1"]

1. Nf3 c6 2. c4 d6 3. d4 g6 4. Nc3 Bg7 5. e4 Nf6 6. Be2 0-0 7. h3 Nbd7 8. Be3 Qc7 9. 0-0 a6 10. b4 b6 11. Rc1 Bb7 12. c5 bxc5 13. bxc5 dxc5 14. dxc5 a5 15. Qa4 Ba6 16. Bxa6 Rxa6 17. Rb1 Ng4 18. hxg4 Bxc3 19. Qc4 Bb4 20. Qxa6 Nxc5 21. Bxc5 Bxc5 22. Rfc1 Bb4 23. Qxc6 Qe5 24. g5 h6 25. gxh6 g5 26. Qd5 1-0